000 01792nam0a2200373 4500
001 RU\NLR\BIBL_A\022592394
005 20260420051407.0
010 _a978-5-6052025-9-2
_9300
021 _aRU
_bКН-П-25-032485
_9КН-П-25-3209
035 _a(NLR Aleph) 022592394
090 _a13679689
_c13679689
100 _a20250728d2024 u y0rusy50 ca
101 0 _arus
_akum
102 _aRU
105 _aac||z|||010zy
181 0 _ai3
_baxxe
182 0 _an
200 1 _aСагадулла Абусуев
_eпоэзия, публицистика, интервью
_eк 85-летию со дня рождения
_eсборник
_fсоставители: Б. А. Абусуева [и др.]
203 _aТекст
_bвизуальный
_cнепосредственный
210 _aМахачкала
_cДагестан
_d2024
215 _a119, [16] с.
_cпортр., цв. ил., портр.
_d21
300 _aНа обороте тит. с. в аннот. авт.: С. А. Абусуев, д-р мед. наук, проф., ученый
300 _aЧасть текста на кумык. яз.
320 _aБиблиогр. в конце ст.
600 1 _aАбусуев
_bС. А.
_f1939 - 2017
_gСагадулла Абдуллатипович
_92448798
_3RU\NLR\AUTH\6601673825
686 1 _aР.г(2)7д Абусуев
686 2 _aШ6(2=Кум)7я44
700 1 _aАбусуев
_bС. А.
_f1939-2017
_gСагадулла Абдуллатипович
702 1 _4220
_7ca
_8rus
_aАбусуева
_bБ. А.
_gБурлият Абусуевна
_9174237
_3RU\NLR\AUTH\770174288
942 _cBOOK
980 _aNB